Psicología aplicada a la enseñanza técnica: guía para maestros de enseñanza técnica
Uloženo v:
| Médium: | Kniha |
|---|---|
| Jazyk: | španělština |
| Vydáno: |
Washington, D.C
OEA
1958
|
| Edice: | Serie de Publicaciones de Educación Técnica, 100
|
| Témata: | |
| Tagy: |
Přidat tag
Žádné tagy, Buďte první, kdo vytvoří štítek k tomuto záznamu!
|
MARC
| LEADER | 00000nam a2200000 a 4500 | ||
|---|---|---|---|
| 001 | UCZ6795 | ||
| 003 | CL-VaPUC | ||
| 008 | 951215e19580000US |||||||||||||||||spa|d | ||
| 082 | 0 | 4 | |a 370.15 |b PSI |2 21 |
| 245 | 1 | 0 | |a Psicología aplicada a la enseñanza técnica: guía para maestros de enseñanza técnica |
| 300 | |a 166 p | ||
| 942 | |c BK | ||
| 945 | |d 19951215 00:00:00 |a cmena | ||
| 260 | |a Washington, D.C |b OEA |c 1958 | ||
| 650 | 0 | |a Psicología aplicada |9 270762 | |
| 650 | 0 | |a Psicología educacional |9 307830 | |
| 650 | 0 | |a Educación técnica |9 307052 | |
| 650 | 0 | |a Docentes |9 311365 | |
| 650 | 0 | |a Naturaleza humana |9 308593 | |
| 650 | 0 | |a Comportamiento |9 308406 | |
| 650 | 0 | |a Aprendizaje |9 254827 | |
| 650 | 0 | |a Personalidad |9 307255 | |
| 583 | |a last modification |c 20170829 12:41:55 |k Rodrigo Vera | ||
| 490 | 0 | |a Serie de Publicaciones de Educación Técnica, 100 | |
| 999 | |c 242965 |d 242963 | ||
| 952 | |0 0 |1 0 |4 0 |6 370_150000000000000_PSI_1958 |7 0 |8 P |9 256301 |a BIBEDU |b BIBEDU |c BIBEDU_PB |d 2019-11-19 |i 160984K |o 370.15 PSI 1958 |p 160984K |r 2024-01-25 |w 2019-11-19 |y BK |k EDU | ||